The highest OVR player for each team in FC26 - Statistics

General Stats
  • This quiz has been taken 81 times
  • The average score is 9 of 10
Answer Stats
Hint Answer % Correct
Real Madrid 🇫🇷 91 Kylian Mbappe
99%
Liverpool 🇪🇬 91 Mohamed Salah
97%
PSG 🇫🇷 90 Ousmane Dembele
97%
Manchester City 🇪🇸 90 Rodri
93%
Barcelona 🇧🇷 89 Raphinha
89%
Chelsea 🏴󠁧󠁢󠁥󠁮󠁧󠁿 87 Cole Palmer
87%
Manchester United 🇵🇹 87 Bruno Fernandes
86%
Bayern 🇩🇪 89 Joshua Kimmich
80%
Napoli 🇧🇪 87 Kevin De Bruyne
76%
Atletico Madrid 🇸🇮 88 Jan Oblak
75%
No matching quizzes found
Score Distribution
Percent of People with Each Score
Percentile by Number Answered
Your Score History
You have not taken this quiz